The Mindful Way Through Depression: freeing yourself from chronic unhappiness (Record no. 9588)

MARC details
000 -LEADER
fixed length control field 00627nam a22002177a 4500
003 - CONTROL NUMBER IDENTIFIER
control field OSt
005 - DATE AND TIME OF LATEST TRANSACTION
control field 20251107151632.0
008 - FIXED-LENGTH DATA ELEMENTS--GENERAL INFORMATION
fixed length control field 251107b |||||||| |||| 00| 0 eng d
020 ## - INTERNATIONAL STANDARD BOOK NUMBER
International Standard Book Number 9781462553921
040 ## - CATALOGING SOURCE
Transcribing agency NLM
082 ## - DEWEY DECIMAL CLASSIFICATION NUMBER
Classification number WM171M66w 2025
100 ## - MAIN ENTRY--PERSONAL NAME
Personal name Williams, Mark; [et...al]
9 (RLIN) 19509
245 ## - TITLE STATEMENT
Title The Mindful Way Through Depression: freeing yourself from chronic unhappiness
250 ## - EDITION STATEMENT
Edition statement 2nd ed.
260 ## - PUBLICATION, DISTRIBUTION, ETC. (IMPRINT)
Place of publication, distribution, etc. New York;
Name of publisher, distributor, etc. The Guilford Press,
Date of publication, distribution, etc. 2025
300 ## - PHYSICAL DESCRIPTION
Extent viii,262p.;Ill: 23cm
504 ## - BIBLIOGRAPHY, ETC. NOTE
Bibliography, etc Notes, & Index included
650 ## - SUBJECT ADDED ENTRY--TOPICAL TERM
Topical term or geographic name as entry element Depression
9 (RLIN) 19510
650 ## - SUBJECT ADDED ENTRY--TOPICAL TERM
Topical term or geographic name as entry element Mental health
9 (RLIN) 3237
942 ## - ADDED ENTRY ELEMENTS (KOHA)
Source of classification or shelving scheme Other/Generic Classification Scheme
Koha item type Open Shelf
Holdings
Withdrawn status Lost status Source of classification or shelving scheme Damaged status Not for loan Home library Current library Date acquired Source of acquisition Inventory number Total Checkouts Full call number Barcode Date last seen Koha item type
    Other/Generic Classification Scheme     MUST Main Library MUST Main Library 07/11/2025 purchase 25/42425   WM171 M66w 2025 2025-0185 07/11/2025 Open Shelf
    Other/Generic Classification Scheme     MUST Main Library MUST Main Library 21/11/2025 Purchase 25/42424   WM171 M66w 2025 2025-0196 21/11/2025 Open Shelf